000 00725nam a22002057a 4500
008 170729s2010 xxu||||| |||| 00| 0 eng d
020 _a9781935202226
082 0 4 _a701.03
_bS411s
100 1 _aSchwarz, Michiel.
_95880
245 1 0 _aSustainism is the new modernism :
_ba cultural manifesto for the sustainist era /
_cMichiel Schwarz y Joost Elffers.
250 _a1a edición.
260 _aNueva York, Estados Unidos :
_bD.A.P,
_c2010.
300 _a200 páginas :
_bilustraciones en color.
653 1 0 _aArte contemporáneo - Sostenibilidad
653 1 0 _aDiseño sostenible
653 1 0 _aVida sostenible - Modernismo
653 1 0 _aArte ecológico
653 1 0 _aCultura sostenible
700 1 _aElffers, Joost.
_95881
999 _c1237
_d1237